Responses for Show #2629 - Thursday, January 25, 1996

Contestants

[<< previous game]

Leigh Tomaszewski, a library aide from Burke, Virginia

David Bowen, a scientist originally from London, England

John Thiel, a psychiatrist originally from Adelphi, Maryland (whose 2-day cash winnings total $20,900)

[next game >>]

Jeopardy! Round responses

GEORGE BUSH
TV TO FILM
PLANTS
STADIUMS & ARENAS
FICTIONAL CHARACTERS
POTPOURRI
(Alex: A little bit of everything.)
    $100 15
Barbara Pierce

David
    $100 26
Star Trek

David
    $100 6
African Violet

David
    $100 9
San Antonio

John
    $100 1
Dr. Frankenstein

David
    $100 14
FBI

David
    $200 16
Ronald Reagan

David
    $200 27
McHale's Navy

David
    $200 7
Mexico

Triple Stumper
    $200 10
Miami Dolphins

David
    $200 2
Medical Examiner

David
    $200 20
(David: What is the Rocky Mountain Daily News?)

The Denver Post

JohnDavid
    $300 17
United Nations

David
    $300 28
(John: Who is Florence Henderson?)

Shelley Long

John
Triple Stumper
    $300 8
Birds

David
    $300 11
Los Angeles Memorial Coliseum

David
    $300 3
(Leigh: What is Dazzle?)

Scruples

JohnLeigh
    $300 21
William Quantrill

Leigh
    $400 18
(Leigh: [No response])

Manuel Noriega

JohnLeigh
    $400 29
Twin Peaks

David
    $400 24
Wheat

David
    $400 12
Fenway Park

David
    $500 4
(John: What is Atlas Shrugged?)

The Fountainhead

John
    $400 22
Liechtenstein

David
    $500 19
(Leigh: What is Maine?)

Connecticut

DavidLeigh
    $500 30
The Twilight Zone

John
    $500 25
Saffron

Triple Stumper
    $500 13
(Leigh: What is Wimbledon?)

Wembley Stadium

DavidLeigh
    $500 5
Ma Joad

Leigh
    $500 23
Chicago Midway

David

Scores at the first commercial break (after clue 14):

John David Leigh
-$100 $2,200 -$300

Scores at the end of the Jeopardy! Round:

John David Leigh
$700 $5,100 -$900

Double Jeopardy! Round responses

PEOPLE IN HISTORY
ART & ARTISTS
FLAGS
THEATRE
INVENTORS
FILE UNDER "H"
    $200 1
Canada

John
    $200 7
Marilyn Monroe

David
    $200 5
White

John
    $200 26
[The end-of-round signal sounds.]

William Shakespeare

John
    $200 13
(Leigh: What is a Black Cow?)

Eskimo Pie

Leigh
Triple Stumper
    $200 25
Hummingbird

David
    $400 2
Cuba

David
    $400 10
Thomas Gainsborough

David
    $400 8
(David: What is a scythe?)

a machete

DavidLeigh
    $400 14
Thomas Edison

David
    $600 3
Sweden

John
    $600 18
The Sistine Chapel

David
    $600 9
The Marine Corps

John
    $600 23
Bill Cosby

Leigh
    $600 15
(Leigh: Who was McCormick?)

Eli Whitney

DavidLeigh
    $800 4
Charles I

David
    $800 19
(David: Who was Velázquez?)

Francisco Goya

JohnDavid
    $3,000 11
Liberia

David
    $800 22
Tennessee Williams

John
    $800 16
Jethro Tull

David
    $1,700 6
(John: What is Venice?)

Milan

John
    $1000 20
(Alex: And we have a minute to go in the round.)

Jacques-Louis David

John
    $1000 12
Syria

John
    $1000 21
David Mamet

John
    $1000 17
The Lumiere Brothers

John
    $1000 24
Hurling

David

Scores at the end of the Double Jeopardy! Round:

John David Leigh
$6,400 $12,300 -$700

[wagering suggestions for these scores]

Final Jeopardy! Round responses

STATE CAPITALS
JohnWhat is Providence?
$6,399
DavidWhat is Providence?
$5,000
Richmond, Virginia

Final scores:

John David Leigh
$1 $7,300 -$700
2nd place: Broyhill Millwood Creek Bedroom Set New champion: $7,300 3rd place: Tasco Telescope & Accessories

Game dynamics:

Coryat scores:

John David Leigh
$8,600 $10,100 -$700
16 R,
3 W
(including 2 DDs)
30 R
(including 1 DD),
3 W
4 R,
6 W

Combined Coryat: $18,000

[game clues] [game scores] [suggest correction]

Game tape date: Unknown
The J! Archive is created by fans, for fans. Scraping, republication, monetization, and malicious use prohibited; this site may use cookies and collect identifying information. See terms. The Jeopardy! game show and all elements thereof, including but not limited to copyright and trademark thereto, are the property of Jeopardy Productions, Inc. and are protected under law. This website is not affiliated with, sponsored by, or operated by Jeopardy Productions, Inc. Join the discussion at JBoard.tv.